|
|
|
|
| LEADER |
00000nam0a2200000 4500 |
| 001 |
68859 |
| 005 |
20231101212417.0 |
| 035 |
|
|
|a (RuTPU)RU\TPU\book\73328
|
| 090 |
|
|
|a 68859
|
| 100 |
|
|
|a 20041011d1969 km y0rusy50 ca
|
| 101 |
0 |
|
|a rus
|
| 102 |
|
|
|a RU
|
| 105 |
|
|
|a a z 001zy
|
| 200 |
1 |
|
|a Строительные краны
|f А. А. Вайнсон
|
| 210 |
|
|
|a Москва
|c Машиностроение
|d 1969
|
| 215 |
|
|
|a 488 с.
|c ил.
|
| 320 |
|
|
|a Библиогр.: с. 483-486.
|
| 606 |
1 |
|
|a Подъемные краны строительные
|2 stltpush
|3 (RuTPU)RU\TPU\subj\49911
|9 68671
|
| 610 |
1 |
|
|a строительство
|
| 610 |
1 |
|
|a подъемная техника
|
| 610 |
1 |
|
|a подъемные краны
|
| 610 |
1 |
|
|a строительные краны
|
| 610 |
1 |
|
|a расчет
|
| 610 |
1 |
|
|a устойчивость
|
| 610 |
1 |
|
|a башенные краны
|
| 610 |
1 |
|
|a железнодорожные краны
|
| 610 |
1 |
|
|a гусеничные краны
|
| 610 |
1 |
|
|a пневмоколесные краны
|
| 610 |
1 |
|
|a автомобильные краны
|
| 610 |
1 |
|
|a стреловые краны
|
| 610 |
1 |
|
|a приводы
|
| 610 |
1 |
|
|a лебедки
|
| 610 |
1 |
|
|a опорно-поворотные устройства
|
| 610 |
1 |
|
|a системы управления
|
| 675 |
|
|
|a 621.873
|v 3
|
| 675 |
|
|
|a 69.057.7:621.87
|v 3
|
| 700 |
|
1 |
|a Вайнсон
|b А. А.
|g Адольф Абрамович
|
| 801 |
|
1 |
|a RU
|b 63413507
|c 20041011
|g PSBO
|
| 801 |
|
2 |
|a RU
|b 63413507
|c 20221024
|g PSBO
|
| 942 |
|
|
|c BK
|